[Event "AUTO-ADV-2758"]
[Site "http://www.queenalice.com/game.php?id=1151424"]
[Date "2013.2.13"]
[Round "1"]
[White "JacenSage"]
[Black "lfsantanna"]
[Result "1-0"]
[WhiteElo "1825"]
[BlackElo "1749"]

1. e4 e5 2. Nf3 Nc6 3. Bc4 h6 4. c3 d6 5. d3 Nf6 6. Be3 Be7 7. Nbd2 O-O 8. O-O
Ng4 9. Bb3 Bf6 10. h3 Nxe3 11. fxe3 Bg5 12. Nxg5 Qxg5 13. Qf3 Ne7 14. Bxf7+ Kh8
15. Qh5 Qxe3+ 16. Rf2 Be6 17. Qf3 Qxf3 18. Rxf3 Rxf7 19. Raf1 Rxf3 20. Rxf3 Bxa2
21. b3 Nc6 22. Rf1 Na5 23. Ra1 Bxb3 24. Rxa5 Bc2 25. Rd5 Rd8 26. c4 c6 27. Ra5
a6 28. Ra3 Ra8 29. Nf1 b5 30. Ne3 Bb1 31. Rb3 Ba2 32. Rb2 Bxc4 33. dxc4 Kg8 34.
cxb5 axb5 35. Nf5 d5 36. exd5 cxd5 37. Rxb5 Rd8 38. Rxd5 Re8 39. Ne3 Kf7 40. Kf2
Kf6 41. Kf3 e4+ 42. Kf4 g5+ 43. Kg4 Re5 44. Rxe5 Kxe5 45. Kh5 Kd4 46. Ng4 e3 47.
Nxe3 Kxe3 48. Kxh6 Kf4 49. Kh5 Kf5 50. g4+ Kf6 51. Kh6 Kf7 52. Kxg5 Kg7 53. h4
Kh7 54. Kf6 Kh6 55. Kf7 Kh7 56. g5 Kh8 57. h5 1-0

[Event "AUTO-ADV-2758"]
[Site "http://www.queenalice.com/game.php?id=1151439"]
[Date "2013.2.13"]
[Round "1"]
[White "FabianoSales"]
[Black "JacenSage"]
[Result "1-0"]
[WhiteElo "1969"]
[BlackElo "1832"]

1. d4 d5 2. c4 Nf6 3. Nc3 dxc4 4. e3 b6 5. Nf3 Bb7 6. Be2 Nbd7 7. O-O e6 8. a3
Bd6 9. Nb5 Ne4 10. Bxc4 O-O 11. Bd3 Ndf6 12. Qc2 h6 13. Nd2 Nxd2 14. Qxd2 Bxh2+
15. Kxh2 Ng4+ 16. Kg3 Qd5 17. f3 Qg5 18. fxg4 h5 19. Nxc7 Qxg4+ 20. Kh2 1-0

[Event "AUTO-ADV-2758"]
[Site "http://www.queenalice.com/game.php?id=1151440"]
[Date "2013.2.13"]
[Round "1"]
[White "JacenSage"]
[Black "FabianoSales"]
[Result "0-1"]
[WhiteElo "1829"]
[BlackElo "1982"]

1. e4 e5 2. Nf3 Nc6 3. Bb5 Nge7 4. Nc3 a6 5. Ba4 b5 6. Bb3 Ng6 7. d3 h6 8. O-O
Na5 9. Be3 Bb7 10. a3 Nxb3 11. cxb3 c5 12. Rc1 Be7 13. Nd5 Bxd5 14. exd5 d6 15.
h3 O-O 16. a4 Bf6 17. Nh2 Rb8 18. Ng4 bxa4 19. bxa4 Rxb2 20. Rb1 Ra2 21. Ra1
Rxa1 22. Qxa1 Bg5 23. Qb2 f5 24. Bxg5 Qxg5 25. Ne3 f4 26. Ng4 h5 27. Nh2 f3 28.
g3 Qf5 29. Kh1 Qxd3 30. Qa2 Qf5 31. Qc4 Qxh3 32. Rg1 e4 33. Qxe4 Ne5 34. Qh4 Ng4
0-1

[Event "AUTO-ADV-2769"]
[Site "http://www.queenalice.com/game.php?id=1154717"]
[Date "2013.2.23"]
[Round "1"]
[White "ocbruno"]
[Black "JacenSage"]
[Result "1/2-1/2"]
[WhiteElo "1968"]
[BlackElo "1827"]

1. e4 e6 2. d4 d5 3. e5 c5 4. c3 Nc6 5. Nf3 Qb6 6. b3 cxd4 7. cxd4 Nge7 8. Bd3
Nf5 9. Bxf5 exf5 10. O-O Be7 11. Re1 O-O 12. Nbd2 Be6 13. Nf1 f6 14. exf6 Rxf6
15. Ng5 Bd7 16. Bb2 Rg6 17. Nf3 Bf6 18. Qc2 Rc8 19. Qd2 Qb4 20. Bc3 Qd6 21. Ne5
Bxe5 22. dxe5 Qe6 23. Rad1 Ne7 24. Bb4 Bc6 25. Bxe7 Qxe7 26. Ng3 Qe6 27. f4 Rd8
28. Qc2 Rf8 29. Rd4 a6 30. Re3 Rh6 31. Nf1 Rc8 32. a4 Rh5 33. Ng3 Rh6 34. Qxf5
Bd7 35. Qxe6+ Bxe6 36. f5 Rc1+ 37. Kf2 Rc2+ 38. Re2 Rxe2+ 39. Kxe2 Bf7 40. e6
Be8 41. Rxd5 Kf8 42. h3 Rh4 43. f6 gxf6 44. e7+ Kf7 45. Nf5 Re4+ 46. Kf3 Re6 47.
Rd8 Rb6 48. Nd6+ Kxe7 49. Rxe8+ Kxd6 50. Re3 Kd7 51. Kf4 Re6 52. Rg3 Re5 53.
Rg7+ Re7 54. Rxe7+ Kxe7 55. Kf5 Kf7 56. g4 a5 57. h4 h6 58. g5 fxg5 59. hxg5 h5
60. g6+ Kg7 61. Kg5 h4 62. Kxh4 Kxg6 1/2-1/2

[Event "AUTO-ADV-2769"]
[Site "http://www.queenalice.com/game.php?id=1154718"]
[Date "2013.2.23"]
[Round "1"]
[White "JacenSage"]
[Black "ocbruno"]
[Result "1/2-1/2"]
[WhiteElo "1850"]
[BlackElo "1993"]

1. e4 c5 2. Nf3 Nc6 3. Bc4 e5 4. d3 Be7 5. Nc3 Nf6 6. Bg5 d6 7. O-O Bg4 8. h3
Bxf3 9. Qxf3 Nd4 10. Bb5+ Nd7 11. Bxd7+ Qxd7 12. Qg3 O-O-O 13. Be3 Nxc2 14. Rac1
Nb4 15. Bd2 Nc6 16. a4 b6 17. Nd5 Nd4 18. Qe3 f5 19. f3 f4 20. Qf2 g5 21. a5 Kb7
22. b4 h5 23. bxc5 dxc5 24. Bc3 Nc6 25. axb6 axb6 26. Qb2 Rb8 27. Qxb6+ Kc8 28.
Qa6+ Kd8 29. Rb1 Rxb1 30. Rxb1 Ke8 31. Bxe5 Rh6 32. Rb7 Nxe5 33. Qa8+ Kf7 34.
Rxd7 Nxd7 35. Qa7 Rd6 36. Qa8 Nb6 37. Nxb6 Rxb6 38. Qd5+ Ke8 39. Qa8+ Kf7 40.
Qh8 h4 41. Qh5+ Kg7 42. Qe8 Rb1+ 43. Kh2 Rb7 44. Qc6 Rb4 45. e5 Rb2 46. Qe6 Rb7
47. Qf5 Rb8 48. e6 Rf8 49. Qe5+ Kg6 50. Kg1 Rf5 51. Qh8 Rf8 52. Qe5 Rf5 53. Qc7
Kf6 54. Qd7 Re5 55. d4 cxd4 56. Kf1 d3 57. Qxd3 Kxe6 58. Qg6+ Kd5 59. Qd3+ Ke6
60. Qa6+ Kd5 61. Qc8 Bc5 62. Qd7+ Kc4 63. Qd8 Bd4 64. Qc8+ Kd3 65. Qa6+ Kd2 66.
Qa2+ Kd3 67. Qb1+ Kd2 68. Qb4+ Kd3 69. Qb3+ Kd2 70. Qb4+ Kd3 71. Qb3+ 1/2-1/2

[Event "AUTO-ADV-2769"]
[Site "http://www.queenalice.com/game.php?id=1154731"]
[Date "2013.2.23"]
[Round "1"]
[White "JacenSage"]
[Black "ven10"]
[Result "0-1"]
[WhiteElo "1892"]
[BlackElo "1726"]

1. e4 c5 2. Nf3 e6 3. d4 cxd4 4. Nxd4 Nc6 5. Bb5 Nf6 6. Bg5 Be7 7. Nxc6 bxc6 8.
Bd3 O-O 9. O-O h6 10. Bh4 d5 11. Nc3 Re8 12. e5 Nd7 13. Bg3 Qc7 14. Re1 Rb8 15.
b3 Qa5 16. Na4 Ba6 17. Qf3 Bb4 18. c3 Be7 19. Bxa6 Qxa6 20. Rad1 Nb6 21. Rd4
Nxa4 22. Rxa4 Qb6 23. Qe3 Bc5 24. Qd3 Qb5 25. Qd2 Qb6 26. Kf1 Qb5+ 27. Re2 Red8
28. f4 Bb6 29. Bf2 c5 30. Ke1 c4 31. Bxb6 Qxb6 32. Rb4 Qc5 33. Qe3 Qxe3 34. Rxe3
cxb3 35. axb3 Rxb4 36. cxb4 Rb8 37. Rd3 Rxb4 38. Kd2 a5 39. Kc2 Rxf4 40. Rf3
Rxf3 41. gxf3 Kf8 42. f4 f6 0-1

[Event "AUTO-ADV-2769"]
[Site "http://www.queenalice.com/game.php?id=1154732"]
[Date "2013.2.23"]
[Round "1"]
[White "ven10"]
[Black "JacenSage"]
[Result "1/2-1/2"]
[WhiteElo "1816"]
[BlackElo "1879"]

1. e4 e6 2. d4 d5 3. e5 c5 4. Nf3 Nc6 5. c3 Qb6 6. Be2 cxd4 7. cxd4 Nge7 8. b3
Nf5 9. Bb2 Be7 10. O-O O-O 11. Re1 Bb4 12. Rf1 Bd7 13. g4 Nh6 14. h3 f5 15. exf6
gxf6 16. a3 Bd6 17. Nc3 Nf7 18. Rc1 Qc7 19. Re1 Ng5 20. Nxg5 fxg5 21. b4 Bg3 22.
Rf1 Qf4 23. fxg3 Qxg3+ 24. Kh1 Qxh3+ 25. Kg1 Qg3+ 26. Kh1 Qh3+ 1/2-1/2

[Event "AUTO-ADV-2769"]
[Site "http://www.queenalice.com/game.php?id=1154733"]
[Date "2013.2.23"]
[Round "1"]
[White "JacenSage"]
[Black "marcomasa"]
[Result "1-0"]
[WhiteElo "1817"]
[BlackElo "1616"]

1. e4 e5 2. Nf3 Nc6 3. Bc4 h6 4. Nc3 Bc5 5. O-O a6 6. a3 Nf6 7. d4 Ba7 8. dxe5
Ng4 9. h3 Ngxe5 10. Nxe5 Nxe5 11. Ba2 d6 12. Bf4 Be6 13. Bxe6 fxe6 14. Bxe5 dxe5
15. Qh5+ Kd7 16. Rad1+ Bd4 17. Qxe5 Qe7 18. Rxd4+ Ke8 19. Qh5+ Kf8 20. Rfd1 Kg8
21. Rd7 Qf6 22. e5 Qf8 23. Rxc7 Rd8 24. Rd6 Rh7 25. Ne4 Qe8 26. Qxe8+ Rxe8 27.
Rdd7 b5 28. Re7 Rxe7 29. Rxe7 Kf8 30. Ra7 Ke8 31. Nf6+ gxf6 32. Rxh7 h5 33. exf6
Kf8 34. Ra7 a5 35. Rxa5 Kf7 36. Rxb5 Kxf6 37. Rxh5 Kg6 38. Rc5 Kf6 39. a4 Ke7
40. a5 Kd6 41. b4 Ke7 42. a6 Kf6 43. a7 Kg6 44. a8=Q Kf6 45. Qf8+ Kg6 46. Re5
Kh7 47. Rg5 e5 48. Qg7# 1-0

[Event "AUTO-ADV-2769"]
[Site "http://www.queenalice.com/game.php?id=1154734"]
[Date "2013.2.23"]
[Round "1"]
[White "marcomasa"]
[Black "JacenSage"]
[Result "0-1"]
[WhiteElo "1615"]
[BlackElo "1817"]

1. e4 c5 2. Bc4 Nc6 3. Nf3 e6 4. a3 Nge7 5. Nc3 Ng6 6. h3 Be7 7. d3 O-O 8. Bd2
b6 9. Qe2 Bb7 10. Ba2 Bf6 11. O-O-O a5 12. h4 Nxh4 13. g3 Nxf3 14. Qxf3 g6 15.
g4 Nd4 16. Qg2 b5 17. g5 b4 18. Qh3 h5 19. gxh6 bxc3 20. Bxc3 Ne2+ 21. Kb1 Nxc3+
22. bxc3 Kh7 23. Rdg1 Rb8 24. a4 Bxe4+ 25. Bb3 Bxh1 26. Rxh1 Bxc3 27. f4 d5 28.
Qe3 Qf6 29. d4 Bxd4 30. Qd3 c4 31. Qg3 cxb3 32. cxb3 Rb4 33. Kc2 Rc8+ 34. Kd2
Rc3 35. Qg4 Qf5 36. Qh4 Qd3+ 37. Ke1 Rc1# 0-1

[Event "AUTO-OPEN-2905"]
[Site "http://www.queenalice.com/game.php?id=1198336"]
[Date "2013.7.9"]
[Round "2"]
[White "JacenSage"]
[Black "clovis"]
[Result "1-0"]
[WhiteElo "1869"]
[BlackElo "1996"]

1. e4 e5 2. Nf3 Nc6 3. Bb5 f5 4. d3 fxe4 5. dxe4 Nf6 6. Bxc6 bxc6 7. O-O d6 8.
Bg5 Be7 9. Nbd2 O-O 10. c3 Nh5 11. Bxe7 Qxe7 12. Rb1 Qf6 13. Qa4 Nf4 14. Qc4+
Be6 15. Qxc6 Bh3 16. Qc4+ Kh8 17. g3 Bxf1 18. Qxf1 Ng6 19. Qc4 h5 20. Qxc7 h4
21. Qd7 hxg3 22. hxg3 Rad8 23. Qb5 Qe6 24. Qd5 Qh3 25. Ng5 Qh6 26. Kg2 Rxf2+ 27.
Kxf2 Qh2+ 28. Ke3 Qxg3+ 29. Ndf3 Qf4+ 30. Kd3 Qxf3+ 31. Nxf3 Nf4+ 32. Ke3 Nxd5+
33. exd5 g6 34. Ke4 Rf8 35. Rh1+ Kg7 36. Rf1 Rf4+ 37. Ke3 g5 38. Nd2 Kg6 39.
Rxf4 exf4+ 40. Kf2 Kf5 41. c4 g4 42. b4 Ke5 43. a4 Kd4 44. b5 Kc3 45. a5 Kxd2
46. b6 axb6 47. axb6 g3+ 48. Kf3 g2 49. Kxg2 Ke2 50. b7 f3+ 51. Kh2 f2 52. b8=Q
f1=Q 53. Qxd6 Qf2+ 54. Kh3 Qf5+ 55. Kh4 Qe4+ 56. Kg5 Qxc4 57. Kf6 Kd3 58. Ke6
Qg4+ 59. Ke5 Qg5+ 60. Ke6 Kd4 61. Qb6+ Ke4 62. Qb4+ Kd3 63. d6 Qg6+ 64. Kd7 Qf7+
65. Kc6 Qf3+ 66. Kc7 Qa8 67. d7 Qa7+ 68. Kd8 Qa8+ 69. Ke7 Qa7 70. Ke8 1-0

[Event "AUTO-OPEN-2905"]
[Site "http://www.queenalice.com/game.php?id=1198337"]
[Date "2013.7.9"]
[Round "2"]
[White "clovis"]
[Black "JacenSage"]
[Result "0-1"]
[WhiteElo "1877"]
[BlackElo "1876"]

1. e4 e6 2. d4 d5 3. Bd3 c5 4. exd5 exd5 5. dxc5 Bxc5 6. Nf3 Nf6 7. O-O O-O 8.
Bg5 Be6 9. Nc3 Nbd7 10. Re1 Qc7 11. Nh4 Bxf2+ 12. Kxf2 Ng4+ 13. Ke2 Nde5 14. Bf4
Qb6 15. Bxe5 Qf2# 0-1

[Event "AUTO-OPEN-2916"]
[Site "http://www.queenalice.com/game.php?id=1220136"]
[Date "2013.9.26"]
[Round "2"]
[White "CCapivara"]
[Black "JacenSage"]
[Result "1-0"]
[WhiteElo "2104"]
[BlackElo "1879"]

1. e4 e6 2. d4 d5 3. exd5 exd5 4. Nf3 Bd6 5. Bd3 Nf6 6. O-O O-O 7. Bg5 Be6 8.
Nbd2 Nbd7 9. c3 c6 10. Re1 Qc7 11. Rc1 Rae8 12. Bb1 h6 13. Bh4 Ne4 14. Nxe4 dxe4
15. Rxe4 Bd5 16. Rxe8 Rxe8 17. Qd3 Be4 18. Qe2 Bxf3 19. Qxe8+ Nf8 20. gxf3 Bxh2+
21. Kg2 1-0

[Event "AUTO-OPEN-2916"]
[Site "http://www.queenalice.com/game.php?id=1220137"]
[Date "2013.9.26"]
[Round "2"]
[White "JacenSage"]
[Black "CCapivara"]
[Result "0-1"]
[WhiteElo "1887"]
[BlackElo "2097"]

1. e4 d6 2. d4 Nf6 3. Nc3 c6 4. Nf3 Bg4 5. Be2 Nbd7 6. Bf4 Qa5 7. O-O e5 8. Bd2
Qb6 9. Na4 Qc7 10. dxe5 dxe5 11. Nc3 Bb4 12. h3 Bh5 13. a3 Bxc3 14. Bxc3 O-O 15.
Bd3 Rad8 16. Re1 Rfe8 17. Re3 Nc5 18. Qe1 Bxf3 19. Rxf3 Ne6 20. g3 Nd4 0-1

[Event "AUTO-OPEN-2916"]
[Site "http://www.queenalice.com/game.php?id=1220142"]
[Date "2013.9.26"]
[Round "2"]
[White "JacenSage"]
[Black "chein"]
[Result "0-1"]
[WhiteElo "1832"]
[BlackElo "2151"]

1. e4 e5 2. Nf3 Nc6 3. Bc4 Bc5 4. d4 exd4 5. O-O d6 6. b3 Nf6 7. Nbd2 O-O 8. Bb2
Bg4 9. Qe1 Re8 10. Ng5 d5 0-1

[Event "AUTO-OPEN-2916"]
[Site "http://www.queenalice.com/game.php?id=1220143"]
[Date "2013.9.26"]
[Round "2"]
[White "chein"]
[Black "JacenSage"]
[Result "1-0"]
[WhiteElo "2148"]
[BlackElo "1836"]

1. e4 e6 2. d4 d5 3. e5 c5 4. c3 Nc6 5. Nf3 Qb6 6. a3 a5 7. Bd3 c4 8. Bc2 Nge7
9. O-O Nf5 10. g4 Nfe7 11. a4 1-0